Welcome to CU Library Online Public Access Catalogue (OPAC)

Nonqualified Deferred Compensation Answer Book: (Record no. 3164)

MARC details
000 -LEADER
fixed length control field 00584nam a22001817a 4500
005 - DATE AND TIME OF LATEST TRANSACTION
control field 20250128155446.0
008 - FIXED-LENGTH DATA ELEMENTS--GENERAL INFORMATION
fixed length control field 250128b |||||||| |||| 00| 0 eng d
020 ## - INTERNATIONAL STANDARD BOOK NUMBER
International Standard Book Number 1567060110
050 ## - LIBRARY OF CONGRESS CALL NUMBER
Classification number KF3509 CON
100 ## - MAIN ENTRY--PERSONAL NAME
Personal name Connors Michael P.
245 ## - TITLE STATEMENT
Title Nonqualified Deferred Compensation Answer Book:
Remainder of title Forms & Checklist
Statement of responsibility, etc. Michael P. Connors, Barry K. Downey & Henry A. Smith, III
260 ## - PUBLICATION, DISTRIBUTION, ETC.
Place of publication, distribution, etc. New York
Name of publisher, distributor, etc. A Panel Publication
Date of publication, distribution, etc. 1995
300 ## - PHYSICAL DESCRIPTION
Extent xv. (various pagings).
Dimensions 28 cm x 21.5 cm
650 ## - SUBJECT ADDED ENTRY--TOPICAL TERM
Source of heading or term Law
700 ## - ADDED ENTRY--PERSONAL NAME
Personal name Downey Barry K.
700 ## - ADDED ENTRY--PERSONAL NAME
Personal name Smith Henry A.
942 ## - ADDED ENTRY ELEMENTS (KOHA)
Source of classification or shelving scheme Library of Congress Classification
Koha item type Books
Suppress in OPAC No
999 ## -
-- 3164
-- 3164
Holdings
Withdrawn status Lost status Source of classification or shelving scheme Damaged status Not for loan Collection Home library Current library Shelving location Date acquired Total checkouts Full call number Barcode Date last seen Copy number Price effective from Koha item type
    Library of Congress Classification     Non-fiction Business Library (Miotso) Business Library (Miotso) General stacks 01/28/2025   KF3509 CON BSSM00000690 01/28/2025 1 01/28/2025 Books
© 2023-2024 Copyright: Central University Libraries. All Rights Reserved | Created by: Mahone Tech Office